1029 1130 1042 1941 1401 1375 1647 1397 1770 1142 1757 1520 1473 1881 1483 1712 1151 1227 1958 1764 1371 1479 1560 1239 1462 1724 1864 1870 1473 1492 1347 1469 1045 1692 1865 1363 1596 1252 1719 1485 1874 1399 1453 1073 1018 1883 1770 1864 1047 1819 1011 1147 1023 1763 1892 1923 1457 1503 1590 1836 1141 1974 1069 1726 1393 1028 1726 1012 1575 1492 1023 1232 1736 1391 1311 1934 1945 1363 1744 1130 1633 1541 1335 1108 1329 1377 1014 1834 1344 1076 1451 1107 1916 1410 1559 1796 1700 1549 1891 BCNSPRNW ULIB Ver.6.0+V

เปลี่ยนเป็นภาษาไทย

Change to English
 แสดงรายละเอียดบรรณานุกรม
  กลับหน้าหลัก

Brief Record : Get Marc (ISO 2709) : E-mail record : QR code < ปิดหน้าต่าง
LEADER : 00000nam 2200000uu 4500
001    13399124230
003     ULIB
008    150212s2010 th a 000 0 eng d
020    9780702029479
060  4 WY106^bP976
100    Dianne Watkins.
245    Public Health and Community Nursing./^cDianne Watkins.,Judy Cousins.
250    3rd ed
260    St.Louis :^bBaillere Tindall Elsevier,^c2010
300    318 pages;^b24.5 cm
650    Public Health^xNursing
650    Community^xNursing
700    Judy Cousins.
945    ^p0^l0^i027415
999    ^aทศพร
รายการนี้ยังไม่มีแท็ก
คุณยังไม่ได้ล็อกอิน คุณสามารถมีกิจกรรมร่วมกับเว็บไซต์ได้ แต่ต้องล็อกอินก่อน ::
  ล็อกอิน

รายการสื่อสารสนเทศ

ลำดับที่ ประเภท เลขเรียก/บาร์โค้ด สถานที่ สถานะ
1. Book การพยาบาล
Book การพยาบาล
WY106 P976 ฉ.1 
  Barcode: 027415
ห้องสมุดวิทยาเขตสวรรค์ประชารักษ์
►หนังสือทั่วไป
บนชั้น

รายการใกล้เคียง
    หัวเรื่อง [Public Health Nursing]

BibComment


ยังไม่เคยถูกคอมเมนท์

คอมเมนท์ทรัพยากรรายการนี้
  คอมเมนท์: Public Health and..


 Copyright 2026. Bcnsprnw @Library